ARRUPE JESUIT UNIVERSITY

CORONAVIRUS -STOP THE SPREAD - CLEAN,DISINFECT,COVER

A decade of transition : (Record no. 127797)

MARC details
000 -LEADER
fixed length control field 02835cam a2200433 a 4500
001 - CONTROL NUMBER
control field 12601667
003 - CONTROL NUMBER IDENTIFIER
control field ARRUPE
005 - DATE AND TIME OF LATEST TRANSACTION
control field 20180326120603.0
008 - FIXED-LENGTH DATA ELEMENTS--GENERAL INFORMATION
fixed length control field 011128s2001 dcua b i100 0 eng d
010 ## - LIBRARY OF CONGRESS CONTROL NUMBER
LC control number 2001277642
020 ## - INTERNATIONAL STANDARD BOOK NUMBER
International Standard Book Number 158906013X
035 ## - SYSTEM CONTROL NUMBER
System control number (OCoLC)ocm46914836
040 ## - CATALOGING SOURCE
Original cataloging agency DJB
Transcribing agency DJB
Modifying agency DLC
042 ## - AUTHENTICATION CODE
Authentication code lccopycat
043 ## - GEOGRAPHIC AREA CODE
Geographic area code ec-----
-- ee-----
-- e-ur---
050 00 - LIBRARY OF CONGRESS CALL NUMBER
Classification number HB3782.9
Item number .D32 2001
082 00 - DEWEY DECIMAL CLASSIFICATION NUMBER
Classification number 338.943/009/049
Edition number 21
300 ## - PHYSICAL DESCRIPTION
Other physical details ill. ;
Dimensions 23 cm.
245 02 - TITLE STATEMENT
Title A decade of transition :
Remainder of title achievements and challenges /
Statement of responsibility, etc editors, Oleh Havrylyshyn, Saleh M. Nsouli.
260 ## - PUBLICATION, DISTRIBUTION, ETC. (IMPRINT)
Place of publication, distribution, etc Washington, D.C. :
Name of publisher, distributor, etc IMF Institute, International Monetary Fund,
Date of publication, distribution, etc c2001.
300 ## - PHYSICAL DESCRIPTION
Extent ix, 272 p. :
500 ## - GENERAL NOTE
General note Selected papers presented at an IMF conference held in Washington D.C., Februaryy 1-3, 1999, sponsored by the European I and II departments and the IMF Institute.
504 ## - BIBLIOGRAPHY, ETC. NOTE
Bibliography, etc Includes bibliographical references.
505 0# - FORMATTED CONTENTS NOTE
Formatted contents note A decade of transition / Oleh Havrylyshyn and Saleh M. Nsouli -- Opening address / Michel Camdessus -- Disinflation in transition, 1993-97 / Carlo Cottarelli and Peter Doyle -- Growth in transition countries, 1990-98 / Oleh Havrylyshyn and Thomas Wolf -- Inflation and growth in transition / Sanjay Kalra and Torsten Sløk -- Lessons of the Russian crisis for transition economies / Yegor Gaidar -- Time to rethink privatization in transition economies? / John Nellis -- Banking sector reform in Central and Eastern Europe / Lajos Bokros -- Challenges for the next decade of transition / Nicholas Stern -- Institutions and the underground economy / Simon Johnson and Daniel Kaufmann -- Transition and the changing role of Government / Vito Tanzi and George Tsibouris -- Inequality during transition / Branko Milanovic -- Concluding remarks / Shigemitsu Sugisaki.
650 #0 - SUBJECT ADDED ENTRY--TOPICAL TERM
Topical term or geographic name as entry element Economic stabilization
Geographic subdivision Europe, Central
Form subdivision Congresses.
9 (RLIN) 41032
650 #0 - SUBJECT ADDED ENTRY--TOPICAL TERM
Topical term or geographic name as entry element Economic stabilization
Geographic subdivision Europe, Eastern
Form subdivision Congresses.
9 (RLIN) 41033
650 #0 - SUBJECT ADDED ENTRY--TOPICAL TERM
Topical term or geographic name as entry element Economic stabilization
Geographic subdivision Former Soviet republics
Form subdivision Congresses.
9 (RLIN) 41034
650 #0 - SUBJECT ADDED ENTRY--TOPICAL TERM
Topical term or geographic name as entry element Deflation (Finance)
Geographic subdivision Europe, Central
Form subdivision Congresses.
9 (RLIN) 41035
650 #0 - SUBJECT ADDED ENTRY--TOPICAL TERM
Topical term or geographic name as entry element Deflation (Finance)
Geographic subdivision Europe, Eastern
Form subdivision Congresses.
9 (RLIN) 41036
650 #0 - SUBJECT ADDED ENTRY--TOPICAL TERM
Topical term or geographic name as entry element Deflation (Finance)
Geographic subdivision Former Soviet republics
Form subdivision Congresses.
9 (RLIN) 41037
651 #0 - SUBJECT ADDED ENTRY--GEOGRAPHIC NAME
Geographic name Europe, Eastern
General subdivision Economic conditions
Chronological subdivision 1989-
Form subdivision Congresses.
9 (RLIN) 41038
651 #0 - SUBJECT ADDED ENTRY--GEOGRAPHIC NAME
Geographic name Europe, Central
General subdivision Economic conditions
Form subdivision Congresses.
9 (RLIN) 41039
651 #0 - SUBJECT ADDED ENTRY--GEOGRAPHIC NAME
Geographic name Former Soviet republics
General subdivision Economic conditions
Form subdivision Congresses.
9 (RLIN) 41040
700 1# - ADDED ENTRY--PERSONAL NAME
Personal name Havrylyshyn, Oleh.
9 (RLIN) 41041
700 1# - ADDED ENTRY--PERSONAL NAME
Personal name Nsouli, Saleh M.
9 (RLIN) 41042
710 2# - ADDED ENTRY--CORPORATE NAME
Corporate name or jurisdiction name as entry element IMF Institute.
9 (RLIN) 41043
710 2# - ADDED ENTRY--CORPORATE NAME
Corporate name or jurisdiction name as entry element International Monetary Fund.
Subordinate unit European I Department.
9 (RLIN) 41044
710 2# - ADDED ENTRY--CORPORATE NAME
Corporate name or jurisdiction name as entry element International Monetary Fund.
Subordinate unit European II Department.
9 (RLIN) 41045
906 ## - LOCAL DATA ELEMENT F, LDF (RLIN)
a 7
b cbc
c copycat
d 2
e ncip
f 20
g y-gencatlg
942 ## - ADDED ENTRY ELEMENTS (KOHA)
Source of classification or shelving scheme Library of Congress Classification
Koha item type Monograph ( Printed materials)
Holdings
Withdrawn status Lost status Source of classification or shelving scheme Damaged status Not for loan Collection code Home library Current library Shelving location Date acquired Total Checkouts Full call number Barcode Date last seen Price effective from Koha item type
    Library of Congress Classification     Main Collection ARRUPE LIBRARY ARRUPE LIBRARY Main Collection 26/03/2018   HB3782.9 .D32 2001 46600001878 23/04/2018 26/03/2018 Monograph ( Printed materials)

 

Arrupe Library. PO Box MP320 Mt Pleasant, Harare, Zimbabwe
263 242 745411|librarian@aju.ac.zw